| 000 | 00739nam a2200205Ia 4500 | ||
|---|---|---|---|
| 003 | OSt | ||
| 005 | 20240802120937.0 | ||
| 008 | 210210b1987 xxu||||| |||| 00| 0 eng d | ||
| 040 | _cAL | ||
| 041 | _akan | ||
| 082 | _aK894.309 KESS | ||
| 100 |
_aKESHAVASHARMA (K): ಕೇಶವಶರ್ಮ (ಕೆ) _9174907 |
||
| 245 |
_aSannakathe:kelavu lekhanagalu: _bಸಣ್ಣಕತೆ: ಕೆಲವು ಲೇಖನಗಳು |
||
| 260 |
_aMangalagangotri _bKannada Vibhaga _c1987 |
||
| 300 | _aii,67 | ||
| 650 |
_aSanna Kategalu Kerura Malleshiya Nalleyaru Ramachandradeva Mugela Mattu Itara Kategalu Khasanisa Kalegauda I Manjinolage Anka Tabarana kate _9174908 |
||
| 690 |
_aKannada Criticism _9174909 |
||
| 906 | _a040016 | ||
| 942 |
_2ddc _cBK |
||
| 999 |
_c89709 _d89709 |
||